Logo BPK

Biblioteka

Politechniki Koszalińskiej

An Introduction to the SEC / (Rekord nr 29740)

Szczegóły MARC
000 -ETYKIETA REKORDU
podpole kontrolne o stałej długości 00408nam a2200181 i 4500
001 - NUMER KONTROLNY REKORDU
pole kontrolne bg
020 ## - MIĘDZYNARODOWY ZNORMALIZOWANY NUMER KSIĄŻKI - ISBN
ISBN 0538015624
040 ## - ŹRÓDŁO KATALOGOWANIA
Instytucja, która utworzyła rekord BPK
041 ## - KOD JĘZYKA
Kod języka tekstu pol
080 ## - UNIWERSALNA KLASYFIKACJA DZIESIĘTNA - UKD
UKD 33
920 ## - Międzynarodowy znormalizowany numer książki – ISBN
ISBN 0-538-01562-4
008 - POLE O STAŁEJ DŁUGOŚCI - DANE KONTROLNE
podpole kontrolne o stałej długości s pl f |000 0 pol
100 1# - NAZWA OSOBOWA
Nazwa osobowa SKOUSEN, K. F.
245 #0 - TYTUŁ/ODPOWIEDZIALNOŚĆ
Tytuł An Introduction to the SEC /
Pozostałe elementy strefy tytułu i oznaczenia odpowiedzialności K.F. Skousen.
250 ## - STREFA WYDANIA
Oznaczenie wydania 4th ed.
260 ## - STREFA ADRESU WYDAWNICZEGO
Miejsce wydania Cincinnati,
Data publikacji, dystrybucji/powstania dokumentu 1987.
856 ## - LOKALIZACJA I DOSTĘP DO ELEKTRONICZNYCH DOKUMENTÓW ZDALNYCH
Link (URL) http://koha.tu.koszalin.pl/cgi-bin/koha/opac-detail.pl?biblionumber=29740
Tekst linku Katalog online BPK
942 ## - DODATKOWE ELEMENTY (KOHA)
Typ dokumentu Książka
Egzemplarze
Wycofany Status egzemplarza Uszkodzony Dostępność Lokalizacja stała Lokalizacja bieżąca Miejsce przechowywania Sygnatura Kod kreskowy Typ dokumentu Numer ubytku
      Dostępny Biblioteka Politechniki Koszalińskiej Biblioteka Politechniki Koszalińskiej Wypożyczalnia BG 36086 01928587 Książka  
      Dostępny Biblioteka Politechniki Koszalińskiej Biblioteka Politechniki Koszalińskiej Wypożyczalnia BG 36087 01606546 Książka  
      Dostępny Biblioteka Politechniki Koszalińskiej Biblioteka Politechniki Koszalińskiej Wypożyczalnia BG 36088 01606553 Książka  
  Egz. niedostępny   Niedostępny Biblioteka Politechniki Koszalińskiej Biblioteka Politechniki Koszalińskiej   36089 01606560 Książka 12639
  Egz. niedostępny   Niedostępny Biblioteka Politechniki Koszalińskiej Biblioteka Politechniki Koszalińskiej   36090 01606577 Książka 12640
© 2023 Biblioteka Politechniki Koszalińskiej :: KOHA